Verejný sektor, verejná správa a verejná politika

Verejný sektor a jeho postavenie v trhovej ekonomike. Sociálno-ekonomická podstata verejného sektora. Verejný sektor a verejná politika. Chápanie niektorých rozdielov medzi politickou vedou a verejnou politikou. Vymedzenie základných vzťahov medzi verejnou politikou a verejnou správou.

Salvato in:
Dettagli Bibliografici
Autore principale: Benčo, Ján
Natura: Capitolo di libro
Lingua:slovacco
Soggetti:
Tags: Aggiungi Tag
Nessun Tag, puoi essere il primo ad aggiungerne!!

MARC

LEADER 00000naa a2200000 4500
001 r019704
005 20221205103304.3
041 0 |a slo 
044 |a SK 
245 1 0 |a Verejný sektor, verejná správa a verejná politika  |c Ján Benčo 
520 |a Verejný sektor a jeho postavenie v trhovej ekonomike. Sociálno-ekonomická podstata verejného sektora. Verejný sektor a verejná politika. Chápanie niektorých rozdielov medzi politickou vedou a verejnou politikou. Vymedzenie základných vzťahov medzi verejnou politikou a verejnou správou. 
610 2 0 |a správa verejná 
610 2 0 |a politika komunálna 
610 2 0 |a sektor verejný 
610 2 0 |a sektor súkromný 
100 1 |a Benčo, Ján